[Event "Dortmund Sparkassen op-A"]
[Site "Dortmund"]
[Date "2006.08.04"]
[Round "7"]
[White "Eismont, Igor"]
[Black "Heinzel, Olaf"]
[Result "0-1"]
[WhiteElo "2334"]
[BlackElo "2384"]
[PlyCount "148"]
[EventDate "2006.07.28"]
[EventType "swiss"]
[EventRounds "9"]
[EventCountry "GER"]
[SourceTitle "CBM 113 Extra"]
[Source "ChessBase"]
[SourceDate "2006.09.14"]
[SourceVersion "1"]
[SourceVersionDate "2006.09.14"]
[SourceQuality "1"]

1. d4 Nf6 2. Nf3 c5 3. d5 b5 4. Bg5 Bb7 5. Bxf6 exf6 6. e4 a6 7. a4 b4 8. Nbd2 d6 9. Bd3 f5 10. Nc4 fxe4 11. Bxe4 Be7 12. a5 Nd7 13. 0-0 0-0 14. Bf5 Nf6 15. Nb6 g6 16. Bh3 Qc7 17. c3 bxc3 18. bxc3 Rae8 19. Re1 Bd8 20. c4 Rxe1+ 21. Qxe1 Re8 22. Qd2 Ne4 23. Qc2 Ng5 24. Nxg5 Bxg5 25. g3 f5 26. Rb1 Bf6 27. Bf1 Bd4 28. Bd3 Qf7 29. Kg2 Re7 30. Qd2 Qf6 31. Rb3 Kg7 32. Bc2 Qe5 33. Rf3 Rf7 34. Ba4 Qe4 35. Bd7 f4 36. Be6 Rf6 37. Bd7 fxg3 38. Qd3 Qxd3 39. Rxd3 gxf2 40. Kf1 Rf8 41. h3 h5 42. Rg3 Kh6 43. Rb3 g5 44. Rd3 Rf4 45. Bc6 Rf7 46. Bd7 Re7 47. Be6 g4 48. hxg4 hxg4 49. Rg3 Kh5 50. Rxg4 Bc3 51. Rg8 Bxa5 52. Nd7 Bc3 53. Kxf2 a5 54. Nb6 a4 55. Nxa4 Bd4+ 56. Kg3 Ba6 57. Nb6 Rb7 58. Nd7 Bxc4 59. Kf4 Rb2 60. Bg4+ Kh6 61. Nf8 Bd3 62. Ne6 Bh7 63. Rc8 Be5+ 64. Kf3 Rb3+ 65. Kf2 Be4 66. Nc7 Bd4+ 67. Ke2 Rb2+ 68. Ke1 Kg5 69. Be2 Bc3+ 70. Kf1 Kf4 71. Re8 Ke3 72. Kg1 Rxe2 73. Nb5 Be5 74. Re6 Re1# 0-1

[Event "Dortmund Sparkassen op-A"]
[Site "Dortmund"]
[Date "2006.07.30"]
[Round "3"]
[White "Zweschper, Erich"]
[Black "Eismont, Igor"]
[Result "0-1"]
[WhiteElo "2191"]
[BlackElo "2334"]
[PlyCount "108"]
[EventDate "2006.07.28"]
[EventType "swiss"]
[EventRounds "9"]
[EventCountry "GER"]
[SourceTitle "CBM 113 Extra"]
[Source "ChessBase"]
[SourceDate "2006.09.14"]
[SourceVersion "1"]
[SourceVersionDate "2006.09.14"]
[SourceQuality "1"]

1. d4 d6 2. Nf3 Bg4 3. e4 Nd7 4. Bc4 e6 5. h3 Bh5 6. Nc3 c6 7. g4 Bg6 8. d5 cxd5 9. exd5 e5 10. Be3 a6 11. a4 Rc8 12. Be2 Be7 13. h4 h5 14. Rg1 hxg4 15. Rxg4 Nh6 16. Rg1 Bxh4 17. Qd2 Nf5 18. 0-0-0 Nxe3 19. Qxe3 Be7 20. Rxg6 fxg6 21. Bd3 Nf8 22. Rg1 Rh6 23. Ne4 Qa5 24. c4 Qxd5 25. b3 b5 26. axb5 axb5 27. Nc3 Qc6 28. Be4 Qa6 29. Kb2 b4 30. Nb5 Rc5 31. Ra1 Qb6 32. Ra8+ Bd8 33. Qd2 g5 34. Qxg5 Rxb5 35. cxb5 Qxf2+ 36. Bc2 Ne6 37. Qg4 Rf6 38. Ng5 Nd4 39. Qe4 Qxc2+ 40. Qxc2 Nxc2 41. Kxc2 d5 42. Nh3 Kd7 43. Ra7+ Bc7 44. Ng5 Kd6 45. Kd3 e4+ 46. Ke2 Bb6 47. Rxg7 Kc5 48. Rd7 Rd6 49. Re7 Kxb5 50. Ne6 d4 51. Nc7+ Bxc7 52. Rxc7 d3+ 53. Kd1 Rg6 54. Rc4 e3 0-1

[Event "Dortmund Sparkassen op-A"]
[Site "Dortmund"]
[Date "2006.07.28"]
[Round "1"]
[White "Barskij, Alexander"]
[Black "Eismont, Igor"]
[Result "0-1"]
[WhiteElo "2002"]
[BlackElo "2334"]
[PlyCount "112"]
[EventDate "2006.07.28"]
[EventType "swiss"]
[EventRounds "9"]
[EventCountry "GER"]
[SourceTitle "CBM 113 Extra"]
[Source "ChessBase"]
[SourceDate "2006.09.14"]
[SourceVersion "1"]
[SourceVersionDate "2006.09.14"]
[SourceQuality "1"]

1. e4 c6 2. d4 d5 3. Nc3 dxe4 4. Nxe4 Bf5 5. Ng3 Bg6 6. Nf3 Nd7 7. h4 h6 8. h5 Bh7 9. Bd3 Bxd3 10. Qxd3 e6 11. Bf4 Qa5+ 12. Bd2 Qc7 13. 0-0-0 Bd6 14. Ne4 Bf4 15. Bxf4 Qxf4+ 16. Kb1 Ngf6 17. Rh4 Qc7 18. Nxf6+ gxf6 19. Rg4 0-0-0 20. Qe2 Qa5 21. Rh1 Rdg8 22. Rxg8+ Rxg8 23. Rh2 Qf5 24. Qe3 Rh8 25. Qa3 a6 26. Qd6 Rf8 27. a3 Qe4 28. Qb4 Qe2 29. Qd2 Qxd2 30. Nxd2 Rg8 31. Nc4 Kc7 32. Ne3 f5 33. g3 b5 34. Ng2 c5 35. dxc5 Nxc5 36. Kc1 Ne4 37. Nf4 Rg5 38. Nd3 Kd6 39. b4 Rg8 40. Rh1 Rc8 41. Kb2 Ke7 42. Rg1 Nf6 43. Nc5 Rc6 44. Rd1 a5 45. c3 axb4 46. cxb4 Rd6 47. Rxd6 Kxd6 48. Nb3 Kd5 49. Nc5 Nxh5 50. Kc3 Nf6 51. f3 Nh5 52. g4 fxg4 53. fxg4 Nf6 54. Nb7 Nxg4 55. Nd8 Ne5 56. a4 bxa4 0-1

[Event "Ruhrhalbinsel op"]
[Site "Essen"]
[Date "2006.05.27"]
[Round "5"]
[White "Eismont, Igor"]
[Black "Schulz, Kai Tober"]
[Result "1/2-1/2"]
[WhiteElo "2323"]
[BlackElo "2072"]
[PlyCount "24"]
[EventDate "2006.05.24"]
[EventType "swiss"]
[EventRounds "7"]
[EventCountry "GER"]
[SourceTitle "EXT 2007"]
[Source "ChessBase"]
[SourceDate "2006.11.23"]
[SourceVersion "1"]
[SourceVersionDate "2006.11.23"]
[SourceQuality "1"]

1. d4 e6 2. c4 Nf6 3. Nf3 Bb4+ 4. Bd2 Qe7 5. Nc3 0-0 6. g3 d5 7. cxd5 exd5 8. Bg2 c6 9. a3 Bd6 10. 0-0 Nbd7 11. Qc2 Ne4 12. Bf4 Nxc3 1/2-1/2

[Event "Ruhrhalbinsel op"]
[Site "Essen"]
[Date "2006.05.27"]
[Round "6"]
[White "Flesch, Stefan"]
[Black "Eismont, Igor"]
[Result "0-1"]
[WhiteElo "2114"]
[BlackElo "2323"]
[PlyCount "136"]
[EventDate "2006.05.24"]
[EventType "swiss"]
[EventRounds "7"]
[EventCountry "GER"]
[SourceTitle "EXT 2007"]
[Source "ChessBase"]
[SourceDate "2006.11.23"]
[SourceVersion "1"]
[SourceVersionDate "2006.11.23"]
[SourceQuality "1"]

1. d4 d6 2. Nf3 Bg4 3. c3 Nd7 4. Qb3 Bxf3 5. gxf3 Rb8 6. Bg2 e6 7. f4 c6 8. Nd2 d5 9. Nf3 Ne7 10. e3 g6 11. c4 Bg7 12. Bd2 a5 13. cxd5 exd5 14. Qa3 Ra8 15. Bh3 Nf6 16. Ne5 0-0 17. 0-0 Ne4 18. Rfd1 Nc8 19. Be1 Re8 20. Nf3 Ncd6 21. Qd3 Nc4 22. Qc2 Bf8 23. b3 Na3 24. Qd3 Bb4 25. Rac1 Qe7 26. Bg2 Bd6 27. Nd2 Nxd2 28. Bxd2 a4 29. h3 Qd7 30. Bc3 Nb5 31. Be1 Ra7 32. Bf1 Bf8 33. Qc2 axb3 34. axb3 Nd6 35. Ra1 Rxa1 36. Rxa1 Nf5 37. Qd1 h5 38. Qf3 Nh4 39. Qg3 Be7 40. Be2 Kh8 41. Bd3 Bf6 42. Bc3 Nf5 43. Bxf5 Qxf5 44. Rc1 Ra8 45. Qf3 Ra3 46. b4 Qd3 47. Be1 Qxd4 48. f5 Qd3 49. fxg6 Qxg6+ 50. Kf1 d4 51. Rc5 d3 52. Qd1 Kg8 53. b5 Ra1 54. Rc1 Rxc1 55. Qxc1 Qf5 56. bxc6 Qxh3+ 57. Kg1 Qg4+ 58. Kf1 Qf3 59. Kg1 bxc6 60. Qb1 Qg4+ 61. Kh2 Be5+ 62. f4 Qe2+ 63. Kh1 Bf6 64. Qb8+ Kg7 65. Bb4 d2 66. Qf8+ Kg6 67. f5+ Kg5 68. Qg8+ Kh4 0-1

[Event "Ruhrhalbinsel op"]
[Site "Essen"]
[Date "2006.05.25"]
[Round "3"]
[White "Tkachuk, Konstantyn"]
[Black "Eismont, Igor"]
[Result "0-1"]
[WhiteElo "1957"]
[BlackElo "2323"]
[PlyCount "60"]
[EventDate "2006.05.24"]
[EventType "swiss"]
[EventRounds "7"]
[EventCountry "GER"]
[SourceTitle "EXT 2007"]
[Source "ChessBase"]
[SourceDate "2006.11.23"]
[SourceVersion "1"]
[SourceVersionDate "2006.11.23"]
[SourceQuality "1"]

1. e4 c6 2. d4 d5 3. e5 Bf5 4. Nc3 e6 5. g4 Bg6 6. Nge2 Bb4 7. Be3 Ne7 8. a3 Bxc3+ 9. Nxc3 h5 10. f3 Nd7 11. Bd3 a6 12. Bg5 Bxd3 13. Qxd3 c5 14. 0-0-0 cxd4 15. Bxe7 Qxe7 16. Qxd4 hxg4 17. Qxg4 g6 18. f4 0-0-0 19. Rd2 Rh4 20. Qg3 Rdh8 21. Rhd1 Rh3 22. Qg2 Rxc3 23. bxc3 Qxa3+ 24. Kb1 Nb6 25. Rd4 Na4 26. Rxa4 Qxa4 27. Rd4 Qb5+ 28. Kc1 Kb8 29. Kd2 Qc5 30. Qg3 Qe7 0-1

[Event "Ruhrgebiet Seniors op 13th"]
[Site "Essen"]
[Date "2006.04.12"]
[Round "9"]
[White "Eismont, Igor"]
[Black "Szymaniak, Horst"]
[Result "1/2-1/2"]
[WhiteElo "2253"]
[BlackElo "1954"]
[PlyCount "106"]
[EventDate "2006.03.28"]
[EventType "swiss"]
[EventRounds "9"]
[EventCountry "GER"]
[SourceTitle "EXT 2007"]
[Source "ChessBase"]
[SourceDate "2006.11.23"]
[SourceVersion "1"]
[SourceVersionDate "2006.11.23"]
[SourceQuality "1"]

1. d4 Nf6 2. c4 e6 3. Nc3 Bb4 4. e3 b6 5. Nge2 Bb7 6. a3 Be7 7. d5 0-0 8. Ng3 Re8 9. Be2 exd5 10. cxd5 Ba6 11. e4 Bf8 12. Bxa6 Nxa6 13. 0-0 Nc5 14. Re1 d6 15. b4 Ncd7 16. Bb2 a5 17. Nb5 axb4 18. axb4 Rxa1 19. Bxa1 Ne5 20. Na7 Qa8 21. Bxe5 dxe5 22. Nc6 Qa3 23. Re3 Qb2 24. Rb3 Qa2 25. Qb1 Qd2 26. Rb2 Qf4 27. Ra2 g6 28. f3 h5 29. Nf1 h4 30. h3 Nh5 31. Qa1 Ng3 32. Nxg3 hxg3 33. Kf1 f5 34. Re2 Bg7 35. Ke1 Kh7 36. Kd1 Bh6 37. Kc2 fxe4 38. fxe4 Bg7 39. Kb3 Bh6 40. Qa7 Qf7 41. Rc2 Bg7 42. Kb2 Kg8 43. Qb7 Bf8 44. Qa6 Qf4 45. Qe2 Bd6 46. Kb3 Ra8 47. Qg4 Qe3+ 48. Rc3 Ra3+ 49. Kxa3 Qxc3+ 50. Ka4 Kg7 51. h4 Qc2+ 52. Ka3 Qc3+ 53. Ka4 Qc2+ 1/2-1/2

[Event "Ruhrgebiet Seniors op 13th"]
[Site "Essen"]
[Date "2006.04.05"]
[Round "5"]
[White "Eismont, Igor"]
[Black "Rosen, Willy"]
[Result "0-1"]
[WhiteElo "2253"]
[BlackElo "2243"]
[PlyCount "62"]
[EventDate "2006.03.28"]
[EventType "swiss"]
[EventRounds "9"]
[EventCountry "GER"]
[SourceTitle "EXT 2007"]
[Source "ChessBase"]
[SourceDate "2006.11.23"]
[SourceVersion "1"]
[SourceVersionDate "2006.11.23"]
[SourceQuality "1"]

1. d4 Nf6 2. c4 e6 3. Nc3 Bb4 4. Qc2 0-0 5. Bg5 h6 6. Bh4 c5 7. dxc5 Na6 8. a3 Bxc3+ 9. Qxc3 g5 10. Bg3 Nxc5 11. f3 d5 12. Rd1 b6 13. b4 Ncd7 14. cxd5 exd5 15. e3 Bb7 16. Bd3 Re8 17. Kf2 Qe7 18. Qd2 Ne5 19. Bxe5 Qxe5 20. Ne2 g4 21. Nd4 Qh5 22. Nf5 Re5 23. Ng3 Qh4 24. Qc3 Rae8 25. Rde1 d4 26. exd4 Rxe1 27. Rxe1 Rxe1 28. Kxe1 gxf3 29. Qc7 fxg2 30. Qb8+ Kg7 31. Ke2 Qg4+ 0-1

[Event "Ruhrgebiet Seniors op 13th"]
[Site "Essen"]
[Date "2006.03.30"]
[Round "3"]
[White "Eismont, Igor"]
[Black "Achenbach, Manfred"]
[Result "1-0"]
[WhiteElo "2253"]
[BlackElo "2063"]
[PlyCount "71"]
[EventDate "2006.03.28"]
[EventType "swiss"]
[EventRounds "9"]
[EventCountry "GER"]
[SourceTitle "EXT 2007"]
[Source "ChessBase"]
[SourceDate "2006.11.23"]
[SourceVersion "1"]
[SourceVersionDate "2006.11.23"]
[SourceQuality "1"]

1. d4 c5 2. d5 e5 3. c4 d6 4. Nc3 Be7 5. e4 Nf6 6. g3 h6 7. Bg2 Nbd7 8. Nge2 Nf8 9. Qc2 a6 10. a4 g5 11. Nd1 Ng6 12. Ne3 Bf8 13. Nc3 Ne7 14. a5 Bg7 15. Bd2 0-0 16. Na4 Ng4 17. Nf5 Nxf5 18. exf5 e4 19. Bxe4 Nf6 20. 0-0 Nxe4 21. Qxe4 Re8 22. Qf3 Rb8 23. Bc3 Be5 24. Rfe1 Qf6 25. g4 Kg7 26. Bxe5 Rxe5 27. Nb6 h5 28. h3 hxg4 29. hxg4 Rxe1+ 30. Rxe1 Qxb2 31. Re8 Bxf5 32. Rxb8 Qb1+ 33. Kh2 Be4 34. Qc3+ f6 35. f3 Qf1 36. Qe3 1-0

[Event "NRW Class1 0506"]
[Site "Germany"]
[Date "2006.03.05"]
[Round "7.2"]
[White "Schoenthier, Frank"]
[Black "Eismont, Igor"]
[Result "1/2-1/2"]
[WhiteElo "2333"]
[BlackElo "2292"]
[PlyCount "45"]
[EventDate "2005.09.25"]
[EventType "team"]
[EventRounds "9"]
[EventCountry "GER"]
[SourceTitle "EXT 2006"]
[Source "ChessBase"]
[SourceDate "2005.11.24"]
[SourceVersion "1"]
[SourceVersionDate "2005.11.24"]
[SourceQuality "1"]
[WhiteTeam "Monheim"]
[BlackTeam "Brackel"]
[WhiteTeamCountry "GER"]
[BlackTeamCountry "GER"]

1. e4 c6 2. d4 d5 3. Nc3 dxe4 4. Nxe4 Bf5 5. Nc5 b6 6. Nb3 e6 7. Nf3 Nd7 8. Bf4 a5 9. a4 Ngf6 10. Bd3 Bxd3 11. Qxd3 Be7 12. 0-0 0-0 13. Rfe1 Qc8 14. Rad1 Rd8 15. Qe2 Qb7 16. h3 b5 17. Ra1 b4 18. Ne5 Nxe5 19. Bxe5 Rd5 20. Bxf6 gxf6 21. Rad1 Kh8 22. Rd3 Qb6 23. Kh1 1/2-1/2

[Event "GER-ch Seniors-A 17th"]
[Site "Essen"]
[Date "2005.08.28"]
[Round "9"]
[White "Eismont, Igor"]
[Black "Csulits, Anton"]
[Result "1/2-1/2"]
[WhiteElo "2292"]
[BlackElo "2245"]
[PlyCount "132"]
[EventDate "2005.08.20"]
[EventType "swiss"]
[EventRounds "9"]
[EventCountry "GER"]
[SourceTitle "CBM 108 Extra"]
[Source "ChessBase"]
[SourceDate "2005.11.04"]
[SourceVersion "1"]
[SourceVersionDate "2005.11.04"]
[SourceQuality "1"]

1. d4 Nf6 2. c4 c5 3. d5 b5 4. cxb5 d6 5. Nc3 g6 6. g3 Bg7 7. Bg2 0-0 8. Nf3 a6 9. bxa6 Nxa6 10. 0-0 Qb6 11. Re1 Nd7 12. Nd2 Nc7 13. Rb1 Ba6 14. Qc2 Rfb8 15. b3 Nb5 16. Nxb5 Bxb5 17. a4 Ba6 18. Bb2 Bxb2 19. Rxb2 Qb4 20. Rbb1 Nf6 21. h3 Ra7 22. e4 Nd7 23. Re3 Rab7 24. Bf1 Bxf1 25. Rxf1 Nb6 26. Qc3 Qxc3 27. Rxc3 Nd7 28. Rfc1 Rb4 29. Rc4 R4b7 30. f4 f5 31. e5 Nb6 32. R4c3 Nxd5 33. Rd3 Nb4 34. Re3 Nd5 35. Re2 Kf7 36. exd6 exd6 37. Kf2 Nf6 38. Re3 Rb4 39. Rc4 Ne4+ 40. Nxe4 fxe4 41. Rexe4 Rxb3 42. Re2 Rb2 43. Rce4 Rxe2+ 44. Rxe2 Ra8 45. Re4 Rb8 46. Re2 Rb3 47. Ra2 c4 48. a5 c3 49. Ke3 c2+ 50. Kd2 Rxg3 51. a6 c1Q+ 52. Kxc1 Rc3+ 53. Kd2 Rc8 54. a7 Ra8 55. Kd3 Ke6 56. Ra5 d5 57. Ke3 Kd6 58. Kd4 Kc6 59. Ra3 Kb7 60. Kxd5 Rd8+ 61. Ke6 Ka8 62. f5 gxf5 63. Kxf5 Rg8 64. h4 h5 65. Ra4 Rg1 66. Kf6 Rg4 1/2-1/2

[Event "GER-ch Seniors-A 17th"]
[Site "Essen"]
[Date "2005.08.28"]
[Round "8"]
[White "Packroff, Hermann"]
[Black "Eismont, Igor"]
[Result "0-1"]
[WhiteElo "2201"]
[BlackElo "2292"]
[PlyCount "104"]
[EventDate "2005.08.20"]
[EventType "swiss"]
[EventRounds "9"]
[EventCountry "GER"]
[SourceTitle "CBM 108 Extra"]
[Source "ChessBase"]
[SourceDate "2005.11.04"]
[SourceVersion "1"]
[SourceVersionDate "2005.11.04"]
[SourceQuality "1"]

1. e4 c6 2. Nf3 d5 3. exd5 cxd5 4. Ne5 Nf6 5. d4 g6 6. Bd3 Bg7 7. 0-0 0-0 8. c3 Nc6 9. f4 Bf5 10. Qe2 Bxd3 11. Qxd3 Ne4 12. Nd2 f5 13. Ndf3 e6 14. Be3 Rc8 15. Nxc6 Rxc6 16. Ne5 Rc7 17. Rfc1 Qd6 18. c4 Bxe5 19. dxe5 Qa6 20. Qd4 dxc4 21. Qxa7 Qxa7 22. Bxa7 b5 23. Be3 b4 24. Rc2 Ra8 25. b3 c3 26. Kf1 Rd7 27. Ke2 Rd5 28. g3 Kf7 29. Ke1 Ke7 30. Ke2 Kd7 31. Rd1 Kc6 32. Rxd5 Kxd5 33. Kd3 h6 34. Rg2 g5 35. Bc1 g4 36. a3 Kc5 37. Be3+ Kd5 38. axb4 Ra3 39. Bc5 Rxb3 40. Rc2 h5 41. Bd4 Rxb4 42. Bxc3 Rc4 43. Rc1 h4 44. gxh4 Nxc3 45. Rxc3 Rxf4 46. Ke2 Kxe5 47. Rc8 Rb4 48. Kf2 Rb2+ 49. Kg3 Rb3+ 50. Kg2 Re3 51. Rf8 Kf4 52. h5 Re2+ 0-1

[Event "GER-ch Seniors-A 17th"]
[Site "Essen"]
[Date "2005.08.25"]
[Round "6"]
[White "Clemens, Christian"]
[Black "Eismont, Igor"]
[Result "1-0"]
[WhiteElo "2295"]
[BlackElo "2292"]
[PlyCount "95"]
[EventDate "2005.08.20"]
[EventType "swiss"]
[EventRounds "9"]
[EventCountry "GER"]
[SourceTitle "CBM 108 Extra"]
[Source "ChessBase"]
[SourceDate "2005.11.04"]
[SourceVersion "1"]
[SourceVersionDate "2005.11.04"]
[SourceQuality "1"]

1. g3 d5 2. Nf3 c6 3. Bg2 Bg4 4. b3 Nd7 5. Bb2 e6 6. d3 Ngf6 7. Nbd2 Bd6 8. 0-0 0-0 9. h3 Bh5 10. c4 e5 11. e4 dxe4 12. dxe4 Re8 13. Qc2 Qc7 14. Rfe1 a5 15. a3 Qb6 16. Rab1 Nf8 17. b4 axb4 18. axb4 c5 19. bxc5 Qxc5 20. Bc3 Bxf3 21. Bxf3 b6 22. Rb5 Qc6 23. Qb2 Bc7 24. Bxe5 Bxe5 25. Rxe5 Rxe5 26. Qxe5 Qd7 27. Qb2 Qxh3 28. e5 Ng4 29. Qd4 Qh2+ 30. Kf1 Rd8 31. Bd5 Qh3+ 32. Ke2 Qh5 33. Nf3 Re8 34. Kf1 Qh1+ 35. Ng1 Qh5 36. Re4 Nxe5 37. g4 Qh2 38. f4 Nfg6 39. fxe5 Rxe5 40. Rxe5 Nxe5 41. Qxb6 g6 42. Qf6 h6 43. c5 Qb2 44. Bxf7+ Kh7 45. Bxg6+ Kg8 46. c6 Qb5+ 47. Ne2 Qxc6 48. Bf7+ 1-0

[Event "GER-ch Seniors-A 17th"]
[Site "Essen"]
[Date "2005.08.25"]
[Round "5"]
[White "Eismont, Igor"]
[Black "Ljubarskij, Jurij"]
[Result "1-0"]
[WhiteElo "2292"]
[BlackElo "2290"]
[PlyCount "123"]
[EventDate "2005.08.20"]
[EventType "swiss"]
[EventRounds "9"]
[EventCountry "GER"]
[SourceTitle "CBM 108 Extra"]
[Source "ChessBase"]
[SourceDate "2005.11.04"]
[SourceVersion "1"]
[SourceVersionDate "2005.11.04"]
[SourceQuality "1"]

1. d4 d5 2. c4 e6 3. Nc3 Nf6 4. Nf3 Be7 5. cxd5 exd5 6. Bf4 0-0 7. g3 c6 8. Bg2 Nh5 9. Be3 Bd6 10. Ne5 Qe7 11. Nd3 f5 12. Qd2 Nd7 13. Bf3 Nhf6 14. Bf4 Ne4 15. Bxd6 Qxd6 16. Qf4 Qf6 17. e3 g5 18. Qc7 Rf7 19. Qa5 Re7 20. h4 Nb6 21. hxg5 Nxg5 22. Be2 Bd7 23. Ne5 Ne4 24. Rh2 Be6 25. Bd3 Nd7 26. Nxd7 Bxd7 27. Bxe4 fxe4 28. Ne2 b6 29. Qa3 Bg4 30. Nf4 Rd7 31. Kd2 Bf3 32. b3 c5 33. Qb2 Rc8 34. Rc1 b5 35. b4 c4 36. Kc3 Qc6 37. g4 Ra8 38. Rh5 a5 39. a3 axb4+ 40. Qxb4 Qd6 41. Qxd6 Rxd6 42. Kb4 Kg7 43. Rc3 h6 44. Nxd5 Bxg4 45. Re5 h5 46. Nf4 Kh6 47. Rc1 Bf3 48. Nxh5 Rda6 49. Ng3 Rxa3 50. Kxb5 R3a5+ 51. Kb4 Rxe5 52. dxe5 Rb8+ 53. Kc5 Rb2 54. Rxc4 Rxf2 55. Nxe4 Re2 56. Kd4 Kg7 57. Rc7+ Kf8 58. Nf6 Rd2+ 59. Kc3 Rd1 60. Ra7 Rh1 61. e6 Bh5 62. e7+ 1-0

[Event "GER-ch Seniors-A 17th"]
[Site "Essen"]
[Date "2005.08.20"]
[Round "1"]
[White "Eismont, Igor"]
[Black "Kuehler, Wolfgang"]
[Result "1-0"]
[WhiteElo "2292"]
[BlackElo "2025"]
[PlyCount "45"]
[EventDate "2005.08.20"]
[EventType "swiss"]
[EventRounds "9"]
[EventCountry "GER"]
[SourceTitle "CBM 108 Extra"]
[Source "ChessBase"]
[SourceDate "2005.11.04"]
[SourceVersion "1"]
[SourceVersionDate "2005.11.04"]
[SourceQuality "1"]

1. d4 d5 2. c4 c6 3. Nc3 Nf6 4. e3 g6 5. Nf3 Bg7 6. Be2 0-0 7. 0-0 Nbd7 8. b4 dxc4 9. Bxc4 Nb6 10. Bb3 Nfd5 11. Nxd5 Nxd5 12. Bd2 Bf5 13. Qe2 Nf6 14. Rfd1 Be4 15. a4 Qd6 16. Ne5 Bd5 17. Rab1 Ne4 18. Nd3 Bxb3 19. Rxb3 Qd5 20. Rb2 Nxd2 21. Rdxd2 e5 22. dxe5 Bxe5 23. Nc5 1-0

[Event "Recklinghausen op 15th"]
[Site "Recklinghausen"]
[Date "2005.08.07"]
[Round "7"]
[White "Kreslawski, Raimond"]
[Black "Eismont, Igor"]
[Result "0-1"]
[WhiteElo "2245"]
[BlackElo "2292"]
[PlyCount "68"]
[EventDate "2005.08.01"]
[EventType "swiss"]
[EventRounds "7"]
[EventCountry "GER"]
[SourceTitle "CBM 107 Extra"]
[Source "ChessBase"]
[SourceDate "2005.09.01"]
[SourceVersion "1"]
[SourceVersionDate "2005.09.01"]
[SourceQuality "1"]

1. e4 c6 2. d4 d5 3. Nc3 dxe4 4. Nxe4 Bf5 5. Ng3 Bg6 6. h4 h6 7. Nf3 Nd7 8. h5 Bh7 9. Bd3 Bxd3 10. Qxd3 e6 11. Bf4 Qa5+ 12. Bd2 Qc7 13. 0-0-0 Bd6 14. Ne4 Bf4 15. Bxf4 Qxf4+ 16. Kb1 Ngf6 17. Rh4 Qc7 18. Qa3 Nxe4 19. Rxe4 Nf6 20. Re5 Qe7 21. Qxe7+ Kxe7 22. c3 Rhd8 23. Rde1 Rd5 24. Rh1 Rad8 25. Kc2 Ng4 26. Re2 Rf5 27. Rh4 Nf6 28. Re5 Rd5 29. c4 Rdxe5 30. dxe5 Nd7 31. Re4 Rxh5 32. Re3 Kd8 33. Kd2 Rf5 34. Re4 h5 0-1

[Event "Recklinghausen op 15th"]
[Site "Recklinghausen"]
[Date "2005.08.06"]
[Round "6"]
[White "Eismont, Igor"]
[Black "Mainka, Romuald"]
[Result "0-1"]
[WhiteElo "2292"]
[BlackElo "2446"]
[PlyCount "120"]
[EventDate "2005.08.01"]
[EventType "swiss"]
[EventRounds "7"]
[EventCountry "GER"]
[SourceTitle "CBM 107 Extra"]
[Source "ChessBase"]
[SourceDate "2005.09.01"]
[SourceVersion "1"]
[SourceVersionDate "2005.09.01"]
[SourceQuality "1"]

1. d4 Nf6 2. c4 c5 3. d5 b5 4. cxb5 a6 5. bxa6 g6 6. Nc3 Bxa6 7. Nf3 d6 8. g3 Bg7 9. Bg2 Nbd7 10. Rb1 0-0 11. 0-0 Qa5 12. Bd2 Nb6 13. b3 Qa3 14. Bc1 Qa5 15. Bb2 Bb7 16. e4 Ba6 17. Re1 Ng4 18. Qc2 Nd7 19. Red1 Nge5 20. Nxe5 Nxe5 21. Na4 c4 22. b4 Qc7 23. Bd4 Bb5 24. Nc3 Bd7 25. h3 Ra3 26. b5 Rb8 27. b6 Qc8 28. Nb5 Bxb5 29. Rxb5 Qa6 30. Qb1 Rxa2 31. b7 Nd7 32. Bxg7 Kxg7 33. Bf1 Ne5 34. Rc1 Qa7 35. Rc2 Ra1 36. Qb2 f6 37. Kg2 Ra4 38. Be2 h5 39. h4 Kf7 40. Bf1 Kg7 41. Be2 Kf7 42. Bf1 Qa6 43. Be2 Qa7 44. Bf1 Ra5 45. Rb4 Rc5 46. Rc3 Rc7 47. Ra3 Qc5 48. Ra8 c3 49. Qc2 Rcxb7 50. Rxb7 Rxa8 51. Rb3 Rc8 52. Ba6 Rc7 53. Bb5 Qd4 54. Rb1 Nc4 55. Bxc4 Rxc4 56. Ra1 Rb4 57. Qc1 Rb2 58. Qf4 Qd2 59. Qxd2 cxd2 60. Rd1 f5 0-1

[Event "Dortmund op-A"]
[Site "Dortmund"]
[Date "2005.07.17"]
[Round "9"]
[White "Eismont, Igor"]
[Black "Beutelhoff, Josef"]
[Result "1-0"]
[WhiteElo "2290"]
[BlackElo "2182"]
[PlyCount "37"]
[EventDate "2005.07.08"]
[EventType "swiss"]
[EventRounds "9"]
[EventCountry "GER"]
[SourceTitle "CBM 107 Extra"]
[Source "ChessBase"]
[SourceDate "2005.09.01"]
[SourceVersion "1"]
[SourceVersionDate "2005.09.01"]
[SourceQuality "1"]

1. d4 d5 2. c4 e6 3. Nc3 c5 4. e3 cxd4 5. exd4 dxc4 6. Bxc4 a6 7. Nf3 Nf6 8. 0-0 Be7 9. Re1 0-0 10. Bg5 b5 11. Bb3 Bb7 12. Qe2 b4 13. Na4 Nbd7 14. Rac1 Rc8 15. Ne5 Qa5 16. Rxc8 Rxc8 17. Bxf6 Nxf6 18. Nxf7 Bd5 19. Bxd5 1-0

[Event "Dortmund op-A"]
[Site "Dortmund"]
[Date "2005.07.16"]
[Round "8"]
[White "Keller, Thomas L"]
[Black "Eismont, Igor"]
[Result "1-0"]
[WhiteElo "2259"]
[BlackElo "2290"]
[PlyCount "29"]
[EventDate "2005.07.08"]
[EventType "swiss"]
[EventRounds "9"]
[EventCountry "GER"]
[SourceTitle "CBM 107 Extra"]
[Source "ChessBase"]
[SourceDate "2005.09.01"]
[SourceVersion "1"]
[SourceVersionDate "2005.09.01"]
[SourceQuality "1"]

1. e4 c6 2. d4 d5 3. exd5 cxd5 4. c4 Nf6 5. Nc3 e6 6. Nf3 Bb4 7. cxd5 Nxd5 8. Bd2 0-0 9. Bd3 Nf6 10. 0-0 b6 11. Ne4 Bxd2 12. Nxf6+ gxf6 13. Qxd2 Ba6 14. Be4 Bxf1 15. Qh6 1-0

[Event "Dortmund op-A"]
[Site "Dortmund"]
[Date "2005.07.12"]
[Round "5"]
[White "Gabriel, Josef"]
[Black "Eismont, Igor"]
[Result "0-1"]
[WhiteElo "2194"]
[BlackElo "2290"]
[PlyCount "68"]
[EventDate "2005.07.08"]
[EventType "swiss"]
[EventRounds "9"]
[EventCountry "GER"]
[SourceTitle "CBM 107 Extra"]
[Source "ChessBase"]
[SourceDate "2005.09.01"]
[SourceVersion "1"]
[SourceVersionDate "2005.09.01"]
[SourceQuality "1"]

1. f4 d5 2. Nf3 Nf6 3. g3 g6 4. Bg2 Bg7 5. 0-0 0-0 6. d3 c5 7. h3 Nc6 8. Qe1 d4 9. a4 Be6 10. Na3 Bd5 11. Rb1 Rc8 12. c4 Bxf3 13. Bxf3 Qd7 14. Kg2 e5 15. g4 Rce8 16. f5 e4 17. dxe4 Nxe4 18. Qh4 gxf5 19. Bh6 Bxh6 20. Qxh6 Qe6 21. Qf4 fxg4 22. hxg4 Qe5 23. Qxe5 Rxe5 24. Rh1 Nd2 25. Rbe1 Rfe8 26. Bd5 Rxe2+ 27. Rxe2 Rxe2+ 28. Kg3 Re3+ 29. Kf4 Ne7 30. Bxb7 Ng6+ 31. Kg5 Kg7 32. Kh5 f6 33. g5 f5 34. Nc2 Nf1 0-1

[Event "Essen op 20th"]
[Site "Essen"]
[Date "2005.05.07"]
[Round "6"]
[White "Henrichs, Thomas"]
[Black "Eismont, Igor"]
[Result "1/2-1/2"]
[WhiteElo "2407"]
[BlackElo "2290"]
[PlyCount "51"]
[EventDate "2005.05.04"]
[EventType "swiss"]
[EventRounds "7"]
[EventCountry "GER"]
[SourceTitle "CBM 106 Extra"]
[Source "ChessBase"]
[SourceDate "2005.07.01"]
[SourceVersion "1"]
[SourceVersionDate "2005.07.01"]
[SourceQuality "1"]

1. d4 d5 2. c4 e6 3. Nc3 Nc6 4. Nf3 Nf6 5. Bg5 Bb4 6. e3 h6 7. Bxf6 Qxf6 8. Qb3 dxc4 9. Bxc4 0-0 10. 0-0 Bd6 11. Bb5 Bd7 12. e4 Qd8 13. e5 Be7 14. Rad1 Na5 15. Qc2 Bxb5 16. Nxb5 c6 17. Nc3 Nc4 18. Ne4 Nb6 19. Rd3 Nd5 20. a3 Rc8 21. Rc1 Qd7 22. g3 b6 23. b4 Rfd8 24. Qb3 Qb7 25. Nfd2 Nc7 26. Nc3 1/2-1/2